Loading...
Human resource development /
| Main Author: | |
|---|---|
| Format: | Printed Book |
| Published: |
London :
Kogan Page ,
2006.
|
| Subjects: |
| LEADER | 00424cam a2200145ua 4500 | ||
|---|---|---|---|
| 020 | |a 0-7494-4514-9 | ||
| 082 | 1 | 4 | |a 658.3 |b HUM |
| 100 | 1 | |a Wilson, John P,Ed . | |
| 245 | 0 | 0 | |a Human resource development / |
| 260 | |a London : |b Kogan Page , |c 2006. | ||
| 300 | |a 564p ; | ||
| 650 | 0 | |a HRM | |
| 942 | |c BK | ||
| 999 | |c 31674 |d 31674 | ||
| 952 | |0 0 |1 0 |4 0 |6 658_300000000000000_HUM |7 0 |9 40575 |a KU |b KU |d 2015-07-05 |l 0 |o 658.3 HUM |p MB02998 |r 2020-12-24 |y BK | ||